Герметичность транспортных упаковочных комплектов; Атомная энергия; Т. 100, вып. 6

Bibliographic Details
Parent link:Атомная энергия: теоретический и научно-технический журнал/ Российская академия наук ; Министерство РФ по атомной энергии, ядерного общества.— , 1956-.— 0004-7163
Т. 100, вып. 6.— 2006.— с. 432-437
Other Authors: Казеев В. Г., Рубан Г. С., Сулейманов Р. Х., Хакимзянов В. Ш.
Language:Russian
Published: 2006
Series:Статьи
Subjects:
Format: Book Chapter
KOHA link:https://koha.lib.tpu.ru/cgi-bin/koha/opac-detail.pl?biblionumber=426415

MARC

LEADER 00000naa2a2200000 4500
001 426415
005 20231101074523.0
035 |a (RuTPU)RU\TPU\prd\85160 
035 |a RU\TPU\prd\45125 
090 |a 426415 
100 |a 20100705a2006 k y0rusy50 ca 
101 0 |a rus 
102 |a RU 
200 1 |a Герметичность транспортных упаковочных комплектов  |f В. Г. Казеев [и др.] 
225 1 |a Статьи 
320 |a Библиогр.: 7 назв. 
461 0 |0 (RuTPU)RU\TPU\prd\33  |x 0004-7163  |t Атомная энергия  |o теоретический и научно-технический журнал  |f Российская академия наук ; Министерство РФ по атомной энергии, ядерного общества  |d 1956- 
463 0 |0 (RuTPU)RU\TPU\prd\85156  |t Т. 100, вып. 6  |v с. 432-437  |d 2006 
610 1 |a упаковочные комплекты 
610 1 |a транспортные комплекты 
610 1 |a герметичность 
610 1 |a нормативные документы 
610 1 |a требования 
610 1 |a испытания 
675 |a 621.039.546.3  |v 3 
701 1 |a Казеев  |b В. Г. 
701 1 |a Рубан  |b Г. С. 
701 1 |a Сулейманов  |b Р. Х. 
701 1 |a Хакимзянов  |b В. Ш. 
801 1 |a RU  |b 63413507  |c 20060825  |g PSBO 
801 2 |a RU  |b 63413507  |c 20100705  |g RCR 
942 |c BK